[Event "POL-chT 2nd League"]
[Site "Jastrzebia Gora"]
[Date "2019.09.08"]
[Round "2.21"]
[White "Czarnecki, Wojciech"]
[Black "Klein, Zbigniew"]
[Result "1-0"]
[WhiteElo "1980"]
[BlackElo "1700"]
[PlyCount "65"]
[EventDate "2019.09.07"]
[EventType "team-swiss"]
[EventRounds "9"]
[EventCountry "POL"]
[SourceTitle "EXT 2020"]
[Source "ChessBase"]
[SourceDate "2019.10.17"]
[SourceVersion "1"]
[SourceVersionDate "2019.10.17"]
[SourceQuality "1"]
[WhiteTeam "Pilzno GKSz Hetman"]
[BlackTeam "Plock Stowarzyszenie"]
[WhiteTeamCountry "POL"]
[BlackTeamCountry "POL"]

1. d4 Nf6 2. Nc3 d5 3. Bg5 e6 4. e4 dxe4 5. Nxe4 Be7 6. Nxf6+ Bxf6 7. Bxf6 Qxf6 8. Nf3 0-0 9. Bd3 Nc6 10. c3 Re8 11. Qc2 h6 12. 0-0 Bd7 13. Rae1 a6 14. Qe2 Rad8 15. Qe4 g6 16. Re3 b5 17. h4 Qf5 18. Qxf5 exf5 19. Rfe1 Kf8 20. Ne5 Nxe5 21. Rxe5 f6 22. Rxe8+ Rxe8 23. Rxe8+ Kxe8 24. f4 Ke7 25. a4 Kd6 26. a5 Be6 27. Kf2 Bd5 28. h5 Be4 29. Bxe4 fxe4 30. hxg6 Ke6 31. f5+ Ke7 32. Ke3 c6 33. Kxe4 1-0

[Event "POL-chT 2nd League"]
[Site "Jastrzebia Gora"]
[Date "2018.09.06"]
[Round "7.7"]
[White "Czarnecki, Wojciech"]
[Black "Szajda, Marcin"]
[Result "1-0"]
[WhiteElo "1971"]
[BlackElo "1995"]
[PlyCount "45"]
[EventDate "2018.09.01"]
[EventType "team-swiss"]
[EventRounds "9"]
[EventCountry "POL"]
[SourceTitle "CBM 186 Extra"]
[Source "ChessBase"]
[SourceDate "2018.08.24"]
[SourceVersion "1"]
[SourceVersionDate "2018.08.24"]
[SourceQuality "1"]
[WhiteTeam "Pilzno GKSz Hetman"]
[BlackTeam "Chroscice Victoria"]
[WhiteTeamCountry "POL"]
[BlackTeamCountry "POL"]

1. d4 Nf6 2. c4 e6 3. Nc3 Bb4 4. Nf3 0-0 5. Qc2 d5 6. cxd5 exd5 7. Bg5 Nc6 8. e3 Bg4 9. Ne5 Nxe5 10. dxe5 d4 11. exf6 Qd5 12. Bh4 Rfe8 13. a3 dxe3 14. f3 Bxc3+ 15. bxc3 Bf5 16. Qb2 e2 17. Bxe2 Bd3 18. 0-0-0 Re3 19. Bf2 Qg5 20. Bxe3 Qxe3+ 21. Qd2 Qxe2 22. Qxd3 Qa2 23. Qd8+ 1-0

[Event "POL-chT 2nd League"]
[Site "Jastrzebia Gora"]
[Date "2018.09.05"]
[Round "6.1"]
[White "Wacior, Maciej"]
[Black "Czarnecki, Wojciech"]
[Result "1-0"]
[WhiteElo "2099"]
[BlackElo "1971"]
[PlyCount "53"]
[EventDate "2018.09.01"]
[EventType "team-swiss"]
[EventRounds "9"]
[EventCountry "POL"]
[SourceTitle "CBM 186 Extra"]
[Source "ChessBase"]
[SourceDate "2018.08.24"]
[SourceVersion "1"]
[SourceVersionDate "2018.08.24"]
[SourceQuality "1"]
[WhiteTeam "Grzybowo GKSz Solny"]
[BlackTeam "Pilzno GKSz Hetman"]
[WhiteTeamCountry "POL"]
[BlackTeamCountry "POL"]

1. d4 f5 2. Bf4 Nf6 3. e3 b6 4. Nf3 e6 5. Be2 Bb7 6. h3 Be7 7. Nbd2 0-0 8. c3 Ne4 9. Nxe4 Bxe4 10. Rg1 d6 11. Qb3 Bd5 12. Bc4 Bxc4 13. Qxc4 Qc8 14. g4 d5 15. Qe2 Nd7 16. gxf5 exf5 17. 0-0-0 Kh8 18. Rg2 Bf6 19. Rdg1 Rg8 20. Ng5 Bxg5 21. Rxg5 Nf8 22. Be5 Ne6 23. R5g2 Qd7 24. Qh5 Raf8 25. f4 Qe8 26. Rg6 Qf7 27. Qh4 1-0

[Event "POL-chT 2nd League"]
[Site "Jastrzebia Gora"]
[Date "2018.09.02"]
[Round "2.2"]
[White "Zaleski, Lukasz"]
[Black "Czarnecki, Wojciech"]
[Result "1-0"]
[WhiteElo "2134"]
[BlackElo "1971"]
[PlyCount "53"]
[EventDate "2018.09.01"]
[EventType "team-swiss"]
[EventRounds "9"]
[EventCountry "POL"]
[SourceTitle "CBM 186 Extra"]
[Source "ChessBase"]
[SourceDate "2018.08.24"]
[SourceVersion "1"]
[SourceVersionDate "2018.08.24"]
[SourceQuality "1"]
[WhiteTeam "Podlesie UKS 21"]
[BlackTeam "Pilzno GKSz Hetman"]
[WhiteTeamCountry "POL"]
[BlackTeamCountry "POL"]

1. e4 c6 2. d4 d5 3. f3 dxe4 4. fxe4 e5 5. Nf3 exd4 6. Bc4 Be6 7. Bxe6 fxe6 8. Qxd4 Na6 9. Qc4 Qd7 10. Ng5 e5 11. 0-0 Bc5+ 12. Kh1 Nf6 13. Nc3 b5 14. Qe2 0-0 15. Be3 h6 16. Nf3 Bxe3 17. Qxe3 Qe6 18. Ne2 Qc4 19. Nxe5 Qxc2 20. Nd4 Qxe4 21. Qxe4 Nxe4 22. Nexc6 Nac5 23. Nxb5 a6 24. Nc7 Rxf1+ 25. Rxf1 Nd2 26. Rf5 Rf8 27. Ne7+ 1-0

[Event "POL-chT 2nd League"]
[Site "Szklarska Poreba"]
[Date "2017.09.07"]
[Round "6.2"]
[White "Wolynski, Krzysztof"]
[Black "Czarnecki, Wojciech"]
[Result "1-0"]
[WhiteElo "2118"]
[BlackElo "2020"]
[PlyCount "113"]
[EventDate "2017.09.02"]
[EventType "team-swiss"]
[EventRounds "9"]
[EventCountry "POL"]
[SourceTitle "CBM 180 Extra"]
[Source "ChessBase"]
[SourceDate "2017.10.06"]
[SourceVersion "1"]
[SourceVersionDate "2017.10.06"]
[SourceQuality "1"]
[WhiteTeam "Rybnik"]
[BlackTeam "Pilzno GKSz Hetman"]
[WhiteTeamCountry "POL"]
[BlackTeamCountry "POL"]

1. e4 c6 2. d4 g6 3. Nc3 Bg7 4. Nf3 Qb6 5. Bc4 d6 6. h3 Nf6 7. Bb3 0-0 8. Be3 Qc7 9. Qd3 b5 10. a3 a5 11. e5 Bf5 12. exf6 Bxd3 13. fxg7 Kxg7 14. cxd3 Nd7 15. 0-0 Rab8 16. Ne4 d5 17. Ned2 h6 18. Nh2 f5 19. f4 a4 20. Bc2 Rf6 21. Ndf3 Re6 22. Ne5 Nxe5 23. fxe5 Rf8 24. Rae1 g5 25. Bd1 Kg6 26. g3 Qc8 27. Kg2 Qe8 28. Nf3 Kg7 29. Nd2 Qg6 30. Be2 h5 31. Kh2 g4 32. h4 Qe8 33. Rc1 Qa8 34. Nb1 Rg6 35. Nc3 Kh7 36. Na2 e6 37. Rc5 Rg7 38. Rfc1 Rc8 39. Nb4 Rgc7 40. Bd2 Kg6 41. Nc2 Kf7 42. Rf1 Ke8 43. Ne3 Rf7 44. Ng2 Kd7 45. Nf4 Rh7 46. Bb4 Rb8 47. Rfc1 Rb6 48. Bf1 Rh8 49. Bg2 Ra6 50. Kg1 Rb6 51. Kf2 Ra6 52. Ke2 Rb6 53. Kd2 Ra6 54. Kc2 Rb6 55. Kb1 Ra6 56. R5c2 Rb6 57. Ng6 1-0

[Event "POL-chT 2nd League"]
[Site "Szklarska Poreba"]
[Date "2017.09.06"]
[Round "5.4"]
[White "Czarnecki, Wojciech"]
[Black "Rydzewski, Pawel"]
[Result "1/2-1/2"]
[WhiteElo "2020"]
[BlackElo "1938"]
[PlyCount "80"]
[EventDate "2017.09.02"]
[EventType "team-swiss"]
[EventRounds "9"]
[EventCountry "POL"]
[SourceTitle "CBM 180 Extra"]
[Source "ChessBase"]
[SourceDate "2017.10.06"]
[SourceVersion "1"]
[SourceVersionDate "2017.10.06"]
[SourceQuality "1"]
[WhiteTeam "Pilzno GKSz Hetman"]
[BlackTeam "Jastrzebie Zdroj Pionier"]
[WhiteTeamCountry "POL"]
[BlackTeamCountry "POL"]

1. c4 g6 2. Nc3 Bg7 3. g3 c6 4. Bg2 d6 5. Nf3 Nd7 6. 0-0 Ngf6 7. d3 0-0 8. Rb1 Ne8 9. Qc2 e5 10. b4 Nc7 11. Ba3 Re8 12. b5 c5 13. Rfd1 Rb8 14. e3 b6 15. d4 Bb7 16. dxe5 dxe5 17. Ne4 Bxe4 18. Qxe4 Qe7 19. Bb2 Nf8 20. Rd2 f5 21. Qc2 e4 22. Bxg7 Qxg7 23. Ng5 Qe7 24. Nh3 Rbd8 25. Rbd1 Rxd2 26. Qxd2 Nce6 27. Nf4 Nxf4 28. gxf4 Kf7 29. Qd5+ Ne6 30. Qc6 Rd8 31. Rd5 Rxd5 32. Qxd5 Ke8 33. f3 exf3 34. Bxf3 Kf7 35. Kf1 Qd8 36. Qb7+ Qc7 37. Qa8 Nd8 38. Qd5+ Ne6 39. Qa8 Nd8 40. Qd5+ Ne6 1/2-1/2

[Event "POL-chT3 Podkarpackie"]
[Site "Czudec"]
[Date "2016.06.18"]
[Round "7.2"]
[White "Czarnecki, Wojciech"]
[Black "Zadlo, Roman"]
[Result "1-0"]
[WhiteElo "2014"]
[BlackElo "2008"]
[PlyCount "111"]
[EventDate "2016.05.27"]
[EventType "team-tourn"]
[EventRounds "9"]
[EventCountry "POL"]
[SourceTitle "EXT 2018"]
[Source "ChessBase"]
[SourceDate "2017.10.13"]
[SourceVersion "1"]
[SourceVersionDate "2017.10.13"]
[SourceQuality "1"]
[WhiteTeam "Tarnobrzeg"]
[BlackTeam "Sedziszow Malopolski"]
[WhiteTeamCountry "POL"]
[BlackTeamCountry "POL"]

1. f4 d5 2. Nf3 c5 3. b3 Nc6 4. Bb2 Nf6 5. g3 e6 6. Bg2 Bd6 7. 0-0 0-0 8. e3 Qe7 9. Ne5 Bxe5 10. fxe5 Nd7 11. d4 f6 12. exf6 Rxf6 13. dxc5 Rxf1+ 14. Qxf1 Qxc5 15. Qe2 Nf6 16. Na3 Bd7 17. Rf1 e5 18. c4 Be6 19. Rc1 d4 20. Nc2 dxe3 21. Qxe3 Qxe3+ 22. Nxe3 Nd4 23. Rd1 Rd8 24. Bxd4 exd4 25. Nd5 Nxd5 26. cxd5 Bf5 27. Rxd4 Rd6 28. Ra4 a6 29. Rf4 Bd7 30. Kf2 g5 31. Rc4 Kf8 32. Ke3 g4 33. Be4 Ke8 34. Kd4 Kd8 35. Ke5 Rh6 36. Rc2 Rh5+ 37. Kf6 Rh6+ 38. Kg7 Rd6 39. Kxh7 Rxd5 40. Bxd5 Bf5+ 41. Kh6 Bxc2 42. Bxb7 a5 43. Bd5 Ke7 44. Kg5 Kd6 45. Bc4 Bd1 46. Kh4 Bf3 47. h3 gxh3 48. Kxh3 Kc5 49. g4 a4 50. g5 Be4 51. Bf7 a3 52. g6 Kb4 53. g7 Bh7 54. g8Q Bxg8 55. Bxg8 Kc3 56. Kg3 1-0

[Event "POL-chT3 Podkarpackie"]
[Site "Czudec"]
[Date "2016.06.18"]
[Round "6.2"]
[White "Pasionek, Ariel"]
[Black "Czarnecki, Wojciech"]
[Result "0-1"]
[WhiteElo "1959"]
[BlackElo "2014"]
[PlyCount "61"]
[EventDate "2016.05.27"]
[EventType "team-tourn"]
[EventRounds "9"]
[EventCountry "POL"]
[SourceTitle "EXT 2018"]
[Source "ChessBase"]
[SourceDate "2017.10.13"]
[SourceVersion "1"]
[SourceVersionDate "2017.10.13"]
[SourceQuality "1"]
[WhiteTeam "Ustrzyki Dolne"]
[BlackTeam "Tarnobrzeg"]
[WhiteTeamCountry "POL"]
[BlackTeamCountry "POL"]

1. e4 c6 2. Nc3 d5 3. Nf3 Bg4 4. h3 Bh5 5. exd5 cxd5 6. Bb5+ Nc6 7. g4 Bg6 8. Ne5 Qd6 9. d4 a6 10. Bxc6+ bxc6 11. Bf4 Rc8 12. Qd2 Qb4 13. 0-0-0 e6 14. h4 f6 15. Nxg6 hxg6 16. Qd3 e5 17. a3 Qb6 18. dxe5 Ne7 19. exf6 gxf6 20. Rde1 Kf7 21. f3 Rd8 22. Qe2 c5 23. h5 g5 24. Bg3 Rd7 25. Qd3 c4 26. Qe2 Rb7 27. Nd1 Bg7 28. Bf2 Qd6 29. Ne3 c3 30. b4 a5 31. b5 0-1

[Event "POL-chT3 Podkarpackie"]
[Site "Czudec"]
[Date "2016.05.29"]
[Round "5.2"]
[White "Czarnecki, Wojciech"]
[Black "Fistek, Dariusz"]
[Result "0-1"]
[WhiteElo "2014"]
[BlackElo "2239"]
[PlyCount "112"]
[EventDate "2016.05.27"]
[EventType "team-tourn"]
[EventRounds "9"]
[EventCountry "POL"]
[SourceTitle "EXT 2018"]
[Source "ChessBase"]
[SourceDate "2017.10.13"]
[SourceVersion "1"]
[SourceVersionDate "2017.10.13"]
[SourceQuality "1"]
[WhiteTeam "Tarnobrzeg"]
[BlackTeam "Przemysl MKS Polonia"]
[WhiteTeamCountry "POL"]
[BlackTeamCountry "POL"]

1. e4 c5 2. Nc3 Nc6 3. Bc4 Nf6 4. d3 e6 5. Bg5 Be7 6. f4 d6 7. Nf3 h6 8. Bxf6 Bxf6 9. Qd2 a6 10. a4 Bd7 11. 0-0 0-0 12. Rae1 Nd4 13. e5 Nxf3+ 14. Rxf3 dxe5 15. fxe5 Bh4 16. Ref1 Bc6 17. Rh3 Bg5 18. Qe2 Rb8 19. Kh1 b5 20. axb5 axb5 21. Bb3 Qd4 22. Rg3 b4 23. Rg4 Qe3 24. Qxe3 Bxe3 25. Ne4 Bxe4 26. Rxe4 Bd4 27. Rb1 Ra8 28. g4 g5 29. Kg2 Ra5 30. Kf3 Rfa8 31. Ree1 Kg7 32. Ke4 Rd8 33. Bc4 Bf2 34. Rf1 Rd4+ 35. Kf3 Rf4+ 36. Ke2 Bd4 37. Rxf4 gxf4 38. Kf3 Bxe5 39. Ke4 Kf6 40. h4 Bd6 41. Rg1 Ra8 42. Kf3 Be5 43. Rb1 Ke7 44. Ke4 Kd6 45. Kf3 Bf6 46. h5 Be5 47. Rg1 Bd4 48. Rb1 Ke5 49. Re1+ Be3 50. Rd1 Ra7 51. Re1 f5 52. gxf5 Kxf5 53. Rh1 Rg7 54. Rh2 Rg3+ 55. Ke2 Bd4 56. Kf1 f3 0-1

[Event "POL-chT3 Podkarpackie"]
[Site "Czudec"]
[Date "2016.05.28"]
[Round "3.2"]
[White "Czarnecki, Wojciech"]
[Black "Sygulski, Pawel"]
[Result "1/2-1/2"]
[WhiteElo "2014"]
[BlackElo "2182"]
[PlyCount "41"]
[EventDate "2016.05.27"]
[EventType "team-tourn"]
[EventRounds "9"]
[EventCountry "POL"]
[SourceTitle "EXT 2018"]
[Source "ChessBase"]
[SourceDate "2017.10.13"]
[SourceVersion "1"]
[SourceVersionDate "2017.10.13"]
[SourceQuality "1"]
[WhiteTeam "Tarnobrzeg"]
[BlackTeam "Czarna LKSz GCKiP II"]
[WhiteTeamCountry "POL"]
[BlackTeamCountry "POL"]

1. Nf3 b6 2. g3 Bb7 3. Bg2 e6 4. 0-0 f5 5. d4 Nf6 6. c4 Be7 7. Nc3 0-0 8. b3 Ne4 9. Bb2 Bf6 10. Ne5 Nxc3 11. Bxc3 Bxg2 12. Kxg2 d6 13. Nf3 Nd7 14. Qd2 Qe7 15. Rad1 Rae8 16. Qb2 e5 17. dxe5 Bxe5 18. Nxe5 Nxe5 19. Bxe5 Qxe5 20. Qxe5 Rxe5 21. Rd2 1/2-1/2

[Event "POL-chT3 Podkarpackie"]
[Site "Pstragowa"]
[Date "2014.05.03"]
[Round "7.14"]
[White "Czarnecki, Wojciech"]
[Black "Luka, Krzysztof"]
[Result "0-1"]
[WhiteElo "2040"]
[BlackElo "1864"]
[PlyCount "99"]
[EventDate "2014.04.30"]
[EventType "team-tourn"]
[EventRounds "9"]
[EventCountry "POL"]
[SourceTitle "EXT 2015"]
[Source "ChessBase"]
[SourceDate "2014.11.20"]
[SourceVersion "1"]
[SourceVersionDate "2014.11.20"]
[SourceQuality "1"]
[WhiteTeam "Tarnobrzeg"]
[BlackTeam "Rzeszow"]
[WhiteTeamCountry "POL"]
[BlackTeamCountry "POL"]

1. d4 g6 2. c4 Bg7 3. Nc3 Nf6 4. Bf4 d6 5. Nf3 c6 6. Qd2 Bg4 7. Bh6 Bxh6 8. Qxh6 Qb6 9. 0-0-0 Be6 10. e4 Qb4 11. d5 cxd5 12. Nxd5 Bxd5 13. exd5 Nbd7 14. Kb1 Nb6 15. Rc1 Rc8 16. Qe3 Qc5 17. Qd2 Ng4 18. Rc2 Nd7 19. Nd4 Nge5 20. f4 Ng4 21. Be2 Nf2 22. Rf1 Ne4 23. Qe3 Nef6 24. g4 0-0 25. g5 Ne8 26. Qxe7 Qxd4 27. Qxd7 Rc7 28. Qd8 b5 29. b3 bxc4 30. Bxc4 Qb6 31. Re1 Ng7 32. Qf6 Nf5 33. h4 Ne3 34. Rxe3 Qxe3 35. Qxd6 Re7 36. Qf6 Re4 37. f5 Rf4 38. Re2 Qg1+ 39. Kb2 Rxf5 40. Qe7 Qd4+ 41. Ka3 Rf3 42. Qc7 Rf1 43. Qe7 Rd1 44. Rh2 Rc8 45. Rc2 Rf8 46. Re2 a5 47. Qe5 Qc5+ 48. Kb2 a4 49. Qe3 Qb4 50. Qc3 0-1

[Event "POL-chT3 Podkarpackie"]
[Site "Pstragowa"]
[Date "2014.05.03"]
[Round "6.20"]
[White "Muc, Marcin"]
[Black "Czarnecki, Wojciech"]
[Result "1-0"]
[WhiteElo "2186"]
[BlackElo "2040"]
[PlyCount "87"]
[EventDate "2014.04.30"]
[EventType "team-tourn"]
[EventRounds "9"]
[EventCountry "POL"]
[SourceTitle "EXT 2015"]
[Source "ChessBase"]
[SourceDate "2014.11.20"]
[SourceVersion "1"]
[SourceVersionDate "2014.11.20"]
[SourceQuality "1"]
[WhiteTeam "Przemysl MKS Polonia"]
[BlackTeam "Tarnobrzeg"]
[WhiteTeamCountry "POL"]
[BlackTeamCountry "POL"]

1. d4 d5 2. c4 e6 3. Nf3 Nf6 4. g3 Be7 5. Bg2 0-0 6. 0-0 b6 7. Nc3 Bb7 8. Ne5 Nbd7 9. Qa4 Nxe5 10. dxe5 Ne8 11. cxd5 exd5 12. Nxd5 Bxd5 13. Rd1 c6 14. e4 Nc7 15. exd5 cxd5 16. Be3 Bc5 17. Bxc5 bxc5 18. Rac1 Qe7 19. Bxd5 Rab8 20. Bb3 Qxe5 21. Qxa7 Ne6 22. Rd7 Qxb2 23. Re1 c4 24. Bxc4 Qc3 25. Rxe6 fxe6 26. Bxe6+ Kh8 27. Qd4 Rb1+ 28. Kg2 Qc6+ 29. Qd5 Qc1 30. Rf7 Qf1+ 31. Kf3 Rfb8 32. Rd7 Rf8+ 33. Rf7 Rfb8 34. Rd7 Qh1+ 35. Kg4 Qxd5 36. Bxd5 R1b2 37. Rf7 h6 38. h4 h5+ 39. Kxh5 R8b5 40. Kg6 Rb6+ 41. Kg5 R6b5 42. Rf5 Rd2 43. Kg6 Rb6+ 44. Kf7 1-0

[Event "Rewal op-B 18th"]
[Site "Rewal"]
[Date "2013.08.22"]
[Round "3"]
[White "Czarnecki, Wojciech"]
[Black "Hagner, Pawel"]
[Result "1-0"]
[WhiteElo "2089"]
[BlackElo "1772"]
[PlyCount "47"]
[EventDate "2013.08.20"]
[EventType "swiss"]
[EventRounds "9"]
[EventCountry "POL"]
[SourceTitle "CBM 156 Extra"]
[Source "ChessBase"]
[SourceDate "2013.10.22"]
[SourceVersion "1"]
[SourceVersionDate "2013.10.22"]
[SourceQuality "1"]

1. e4 d6 2. Nc3 g6 3. f4 Bg7 4. Nf3 Nf6 5. d4 0-0 6. h3 c5 7. Be3 cxd4 8. Nxd4 Qa5 9. Qd2 a6 10. g4 Nc6 11. Be2 Nxd4 12. Bxd4 b5 13. g5 Nd7 14. Bxg7 Kxg7 15. Qd4+ Kg8 16. 0-0-0 Nb6 17. a3 Rb8 18. h4 f6 19. h5 Kg7 20. hxg6 hxg6 21. gxf6+ exf6 22. Qxd6 Rb7 23. Rh7+ Kg8 24. Rh8+ 1-0

[Event "Rewal op-B 18th"]
[Site "Rewal"]
[Date "2013.08.20"]
[Round "1"]
[White "Czarnecki, Wojciech"]
[Black "Zarnowski, Krzysztof"]
[Result "0-1"]
[WhiteElo "2089"]
[BlackElo "1817"]
[PlyCount "78"]
[EventDate "2013.08.20"]
[EventType "swiss"]
[EventRounds "9"]
[EventCountry "POL"]
[SourceTitle "CBM 156 Extra"]
[Source "ChessBase"]
[SourceDate "2013.10.22"]
[SourceVersion "1"]
[SourceVersionDate "2013.10.22"]
[SourceQuality "1"]

1. Nf3 d5 2. g3 Nf6 3. Bg2 e6 4. 0-0 Be7 5. c4 0-0 6. d4 Nbd7 7. Qc2 c6 8. a3 a5 9. Bf4 Nh5 10. Bd2 Nhf6 11. Bc3 b6 12. Nbd2 Bb7 13. Ne5 Nxe5 14. dxe5 Nd7 15. cxd5 cxd5 16. b4 Ba6 17. Rfe1 Qc7 18. Qb2 Rac8 19. Rac1 Bxe2 20. bxa5 bxa5 21. Rxe2 d4 22. Ne4 dxc3 23. Nxc3 Nxe5 24. Na2 Nc4 25. Qb3 Qb6 26. Qd3 Rfd8 27. Rxc4 Rxd3 28. Rxc8+ Rd8 29. Rxd8+ Qxd8 30. a4 Qd1+ 31. Bf1 Qxa4 32. Rb2 g6 33. Nc1 Qd4 34. Rc2 a4 35. h4 h5 36. Rc4 Qd2 37. Nd3 a3 38. Rc8+ Kg7 39. Ra8 a2 0-1

[Event "Sielpia op"]
[Site "Sielpia"]
[Date "2010.08.05"]
[Round "2"]
[White "Kaczor, Mateusz"]
[Black "Czarnecki, Wojciech"]
[Result "0-1"]
[WhiteElo "1613"]
[BlackElo "2117"]
[PlyCount "104"]
[EventDate "2010.08.04"]
[EventType "swiss"]
[EventRounds "9"]
[EventCountry "POL"]
[SourceTitle "EXT 2011"]
[Source "ChessBase"]
[SourceDate "2010.11.26"]
[SourceVersion "1"]
[SourceVersionDate "2010.11.26"]
[SourceQuality "1"]

1. e4 c5 2. c3 g6 3. Nf3 Bg7 4. d4 b6 5. Bf4 Bb7 6. Bd3 Nf6 7. e5 Nd5 8. Bg3 Nc6 9. Be4 Nc7 10. Bxc6 Bxc6 11. 0-0 0-0 12. a3 Qc8 13. Re1 Qb7 14. Re3 Ne6 15. h3 Bh6 16. Re1 Rac8 17. dxc5 bxc5 18. b4 Nf4 19. Bxf4 Bxf4 20. Ra2 a5 21. Rb2 axb4 22. cxb4 Ra8 23. Qd3 Rfb8 24. Qc3 Bxf3 25. Qxf3 Qxf3 26. gxf3 cxb4 27. axb4 Rb5 28. Nc3 Rxe5 29. Rxe5 Bxe5 30. Rb3 Rb8 31. Na4 Rb5 32. Nc5 d5 33. Nd3 Bd6 34. Kf1 e5 35. Ke2 e4 36. fxe4 dxe4 37. Nc1 Rxb4 38. Rxb4 Bxb4 39. Nb3 Kg7 40. f3 exf3+ 41. Kxf3 f5 42. Nd4 Kf6 43. Kg3 g5 44. Kf3 h5 45. Kg3 g4 46. hxg4 hxg4 47. Kh2 Kg5 48. Ne6+ Kh4 49. Kg2 Bd2 50. Nd4 f4 51. Nf5+ Kg5 52. Nd4 Ba5 0-1

[Event "Pilzno Omega Cup 5th"]
[Site "Pilzno"]
[Date "2009.04.30"]
[Round "1.4"]
[White "Czarnecki, Wojciech"]
[Black "Zadlo, Maciej"]
[Result "1-0"]
[WhiteElo "2128"]
[BlackElo "1667"]
[PlyCount "51"]
[EventDate "2009.04.30"]
[EventType "swiss"]
[EventRounds "7"]
[EventCountry "POL"]
[SourceTitle "EXT 2023"]
[Source "ChessBase"]
[SourceDate "2022.10.05"]
[SourceVersion "1"]
[SourceVersionDate "2022.10.05"]
[SourceQuality "1"]

1. Nf3 d5 2. g3 c5 3. Bg2 e6 4. 0-0 Nc6 5. c4 Nf6 6. b3 a6 7. Bb2 d4 8. d3 Bd6 9. Nbd2 Bd7 10. a3 0-0 11. b4 cxb4 12. axb4 Bxb4 13. Nxd4 Qb6 14. N4f3 a5 15. Qc2 Be7 16. Rfb1 Nb4 17. Qc3 Rfc8 18. Ne5 Bc6 19. Nxc6 Nxc6 20. Ne4 e5 21. Ba3 Bb4 22. Bxb4 axb4 23. Nxf6+ gxf6 24. Rxa8 bxc3 25. Rxc8+ Kg7 26. Rxb6 1-0

[Event "Krakow op-A 19th"]
[Site "Krakow"]
[Date "2008.12.30"]
[Round "5"]
[White "Czarnecki, Wojciech"]
[Black "Veltkamp, Gerben"]
[Result "1/2-1/2"]
[WhiteElo "2132"]
[BlackElo "2221"]
[PlyCount "69"]
[EventDate "2008.12.26"]
[EventType "swiss"]
[EventRounds "9"]
[EventCountry "POL"]
[SourceTitle "CBM 128 Extra"]
[Source "ChessBase"]
[SourceDate "2009.03.05"]
[SourceVersion "2"]
[SourceVersionDate "2009.03.25"]
[SourceQuality "1"]

1. d4 d5 2. c4 c6 3. Nf3 Nf6 4. e3 a6 5. Nc3 Bf5 6. Be2 h6 7. 0-0 e6 8. a3 Nbd7 9. b4 b5 10. c5 g5 11. Bb2 Bg7 12. a4 0-0 13. Ra2 a5 14. axb5 axb4 15. Na4 cxb5 16. Bxb5 Ra5 17. Be2 Qa8 18. Qb3 Rb8 19. Rfa1 Qc6 20. Bc1 Ne4 21. Nd2 Ndxc5 22. Nxc5 Nxc5 23. dxc5 Rxc5 24. Qd1 Bc2 25. Qf1 Bxa1 26. Rxa1 Ra8 27. Bb2 Rxa1 28. Qxa1 Qa4 29. Qc1 Rc6 30. Ba1 Qa2 31. Bb5 Rc5 32. Bf1 Rc6 33. Bb5 Rc5 34. Bf1 Qa3 35. Bb2 1/2-1/2

[Event "Krakow op-A 19th"]
[Site "Krakow"]
[Date "2008.12.29"]
[Round "4"]
[White "Shilov, Sergej"]
[Black "Czarnecki, Wojciech"]
[Result "1/2-1/2"]
[WhiteElo "2229"]
[BlackElo "2132"]
[PlyCount "36"]
[EventDate "2008.12.26"]
[EventType "swiss"]
[EventRounds "9"]
[EventCountry "POL"]
[SourceTitle "CBM 128 Extra"]
[Source "ChessBase"]
[SourceDate "2009.03.05"]
[SourceVersion "2"]
[SourceVersionDate "2009.03.25"]
[SourceQuality "1"]

1. e4 c6 2. d4 d5 3. exd5 cxd5 4. c4 Nf6 5. Nc3 e6 6. Nf3 Be7 7. Bg5 0-0 8. Bd3 Nc6 9. 0-0 Nb4 10. Be2 dxc4 11. Bxc4 b6 12. a3 Ba6 13. Bxa6 Nxa6 14. Ne5 Qd6 15. Qf3 Nd5 16. Nb5 Qd8 17. Nc6 Qd7 18. Nxe7+ Nxe7 1/2-1/2

[Event "POL-chT 2nd League"]
[Site "Ustron"]
[Date "2008.09.10"]
[Round "4.46"]
[White "Czarnecki, Wojciech"]
[Black "Seifert, Henryk"]
[Result "0-1"]
[WhiteElo "2056"]
[BlackElo "2235"]
[PlyCount "114"]
[EventDate "2008.09.06"]
[EventType "team-swiss"]
[EventRounds "9"]
[EventCountry "POL"]
[SourceTitle "EXT 2015"]
[Source "ChessBase"]
[SourceDate "2014.11.20"]
[SourceVersion "1"]
[SourceVersionDate "2014.11.20"]
[SourceQuality "1"]
[WhiteTeam "Pilzno GKSz Hetman"]
[BlackTeam "Pawlowice GKS Pniowek 74"]
[WhiteTeamCountry "POL"]
[BlackTeamCountry "POL"]

1. c4 c6 2. e4 d5 3. cxd5 cxd5 4. exd5 Nf6 5. Nc3 Nxd5 6. Nf3 Nc6 7. d4 e6 8. Bc4 Be7 9. 0-0 0-0 10. a3 Nxc3 11. bxc3 b6 12. Bf4 Bb7 13. Re1 Bd6 14. Bxd6 Qxd6 15. Ng5 h6 16. Rxe6 Qd8 17. Rg6 hxg5 18. Qh5 Ne7 19. Rxg5 Rc8 20. Ba2 Rxc3 21. Rg4 Qc8 22. Qg5 Nf5 23. h4 Qd8 24. Qg6 Bc8 25. Rg5 Qxd4 26. Rh5 Nh6 27. Rxh6 Bf5 28. Qd6 Qxd6 29. Rxd6 Rfc8 30. f3 Kf8 31. g4 Ke7 32. Rd2 Be6 33. Re1 Rxf3 34. Rde2 Kf8 35. Bxe6 fxe6 36. Kg2 Rxa3 37. Rxe6 Rac3 38. Rf1+ Kg8 39. Re7 R8c7 40. Rff7 Rxe7 41. Rxe7 a5 42. Rb7 Rc6 43. Ra7 Kh7 44. Kg3 Kg6 45. h5+ Kf6 46. Kh4 Rc4 47. Rb7 Rb4 48. Rc7 a4 49. Rc6+ Kf7 50. Rc7+ Kg8 51. Kg5 Kh7 52. Ra7 Rb5+ 53. Kf4 Ra5 54. Rb7 a3 55. g5 a2 56. Rb8 Rxg5 57. Ra8 Ra5 0-1

[Event "Rewal op-B 13th"]
[Site "Rewal"]
[Date "2008.08.27"]
[Round "8"]
[White "Solnicki, Michal"]
[Black "Czarnecki, Wojciech"]
[Result "1/2-1/2"]
[WhiteElo "2010"]
[BlackElo "2056"]
[PlyCount "129"]
[EventDate "2008.08.19"]
[EventType "swiss"]
[EventRounds "9"]
[EventCountry "POL"]
[SourceTitle "CBM 126 Extra"]
[Source "ChessBase"]
[SourceDate "2008.11.05"]
[SourceVersion "1"]
[SourceVersionDate "2008.11.05"]
[SourceQuality "1"]

1. d4 d5 2. c4 c6 3. e3 Nf6 4. Nc3 g6 5. Nf3 Bg7 6. b4 0-0 7. Bb2 Bf5 8. Bd3 Bxd3 9. Qxd3 Nbd7 10. 0-0 Nb6 11. Nd2 dxc4 12. Nxc4 Nfd5 13. a3 Nxc4 14. Qxc4 Nxc3 15. Bxc3 Qd5 16. Qe2 Rfd8 17. Qb2 Qe4 18. Qb1 Qd5 19. Rd1 Rd7 20. Rd2 Rad8 21. Qc2 Qc4 22. Rad1 b6 23. h3 Rd6 24. Qc1 R8d7 25. Bb2 Qxc1 26. Bxc1 e5 27. dxe5 Rxd2 28. Rxd2 Rxd2 29. Bxd2 Bxe5 30. a4 f5 31. Kf1 Kf7 32. Ke2 Ke6 33. Kd3 Kd5 34. f3 a6 35. e4+ fxe4+ 36. fxe4+ Ke6 37. Be3 b5 38. axb5 axb5 39. Bc5 Bh2 40. Bf2 Bd6 41. Kc3 h5 42. Bg1 Be5+ 43. Kd3 Bd6 44. Kc3 Kf6 45. Bf2 Kg5 46. g3 Kf6 47. g4 hxg4 48. hxg4 Kg5 49. Be1 Kxg4 50. Kd4 Kg5 51. e5 Be7 52. Ke4 c5 53. bxc5 Bxc5 54. Kd5 Bf8 55. e6 Kf6 56. Bc3+ Ke7 57. Kc6 Kxe6 58. Kxb5 g5 59. Kc4 Kf5 60. Kd3 g4 61. Ke2 Kf4 62. Kf2 Bc5+ 63. Kg2 Be3 64. Bg7 Ke4 65. Bf6 1/2-1/2